000 01384nam a22004577a 4500
001 0040999
003 KOHA_MİRAKIL
005 20260207003221.0
007 ta
008 130730b2010 tu a|||gr||||#||||0|tur |
020 _a9786053952886
040 _aTR-BiSEU
_btur
_cTR-BiSEU
_erda
041 0 _atur
044 _ctu
050 _aQP514.2
_b.H36 2010
100 1 _aHames, David.
240 1 0 _abiochemistry
_lTürkçe
245 1 _aBiyokimya =
_bbiochemistry/
_cDavid Hames ; David Hames, Nigel Hooper ; çeviri editörleri Yusuf Tutar, Hikmet Geçkil, Mehmet Karataş.
246 _aBIOS hazır notlar
250 _a3. bs.
264 1 _aAnkara :
_bNobel
_c2010
300 _aXVI, 438 sayfa :
_bresimli ;
_c24 cm.
336 _ametin
_btxt
_2rdacontent
337 _aaracısız
_bn
_2rdamedia
338 _acilt
_bnc
_2rdacarrier
490 1 _aNobel yayın ;
_vno.
490 1 _a1479.
490 1 _aFen bilimleri ;
_v98.
490 1 _aNobel bilim ve araştırma merkezi yayın ;
_vno.
490 1 _a55.
500 _aDizin var.
500 _aKaynakça var.
650 0 _aBiyokimya.
_91518
650 0 _aBiochemsitry.
_93713
830 1 _aNobel yayın ;
_vno.
_91510
830 1 _a1479.
_976036
830 1 _aFen bilimleri ;
_v98.
_91847
830 1 _aNobel bilim ve araştırma merkezi yayın ;
_vno.
_976037
830 1 _a55.
_916913
942 _2lcc
_cBK
999 _c40863
_d40863